LDR 01142naa#a2200193#i#450# 001 RU\\bibl\118733 005 20260514014834.4 011 ## _a1994-4683 100 ## _a20230428b2023####ek#y0rusy0150####ca 102 ## _aRU 200 1# _aСОДЕРЖАНИЕ И ЭФФЕКТИВНОСТЬ МЕТОДИКИ СОВЕРШЕНСТВОВАНИЯ ПАРНОГО ВЗАИМОДЕЙСТВИЯ В ТАНЦЕ РУМБА СПОРТСМЕНОВ 14-15 ЛЕТ _eЖурнальная статья 210 1# _aМосква _cНациональный государственный Университет физической культуры, спорта и здоровья им. П.Ф. Лесгафта _d2023 215 ## _a4 с. 608 ## _aЖурнальная статья _2local 675 ## _aРитмические гимнастические упражнения (вольные). Производственная вспомогательная гимнастика. Художественная гимнастика. 796.412 _z 700 #1 _aОмарова _gР М 700 #1 _aГареева _gА С 700 #1 _aМакина _gЛ К 856 4# _auchzapiski.lesgaft.spb.ru _u